00268nam a22001097a 4500020001800000082001200018100001800030245005800048260003000106300001000136650001200146 a9781408855959 aA3 R797 aRowling, J.K. aHarry Potter and the Deathly Hallowscby J.K. Rowling aLondonbBloomsbury c2014 a619p. aFiction